00545nam a2200157Ia 4500008004100000082001800041100002300059245004200082260003200124365000600156630004200162730004200204942000900246999001900255952011300274100415s9999 xx 000 0 und d b11068a632.96 aSamways Michael J aBiological Control of Pests and Weeds aLONDONc1981bEDWARD ARNOLD b0 aBiological Control of Pests and Weeds aBiological Control of Pests and Weeds cBOOK c593991d593988 00104070aBNHSbBNHSd1998-04-22g0.00l0o632.96 11068pBNHS-11068r2010-04-15 00:00:00w2010-04-15yBOOK